TV shows by their characters - Statistics

General Stats
  • This quiz has been taken 73 times
  • The average score is 9 of 26
Answer Stats
Hint Answer % Correct
Kermit, Fozzie, Miss Piggy, Gonzo The Muppet Show
79%
Ted, Marshall, Barney, Lily, Robin How I Met Your Mother
67%
Rory, Lorelei, Sookie, Luke, Lane, Paris Gilmore Girls
66%
Jon, Daenerys, Tyrion, Cersei Game of Thrones
59%
Gumball, Darwin, Anais The Amazing World of Gumball
52%
Jake, Holt, Rosa, Amy, Boyle Brooklyn Nine Nine
49%
Donna, Eric, Hyde, Jackie, Fez That 70s Show
49%
Nick, Jess, Schmidt, Winston, Cece New Girl
48%
Ted, Coach Beard, Roy Kent Ted Lasso
44%
Rhaenyra, Alicent, Daemon, Aegon House of the Dragon
39%
Aang, Katara, Sokka, Toph, Zuko Avatar: The Last Airbender
38%
Finn, Rachel, Mercedes, Quinn, Puck Glee
38%
Dipper, Mabel, Soos, Wendy, Stan Gravity Falls
38%
Klaus, Five, Viktor, Luther, Diego The Umbrella Academy
38%
Steven, Pearl, Amethyst, Garnet Steven Universe
33%
Klaus, Violet, Sunny, Count Olaf A Series of Unfortunate Events
30%
Jeff, Britta, Troy, Abed, Shirley, Pierce Community
28%
Nick, Charlie, Elle, Tao Heartstopper
25%
Piper, Alex, Daya, Nicky, Red, Taystee Orange Is the New Black
20%
Wayne, Del, Orlando, Principal Cole Wayne
20%
Shawn, Gus, Lassie, Juliet Psych
16%
Lockwood, Lucy, George, Quill Lockwood & Co.
13%
Shauna, Taissa, Jackie, Van, Misty, Lottie Yellowjackets
13%
Keith, Lance, Hunk, Pidge, Shiro Voltron: Legendary Defender
11%
Lucy, Maximus, The Ghoul Fallout
10%
Amina, Saira, Ayesha, Bisma, Momtaz We Are Lady Parts
3%
No matching quizzes found
Score Distribution
Percent of People with Each Score
Percentile by Number Answered
Your Score History
You have not taken this quiz